[Event "Pardubice Czech op-D 28th"]
[Site "Pardubice"]
[Date "2017.07.28"]
[Round "8"]
[White "Maslanka, Piotr"]
[Black "Baumann, Gerd"]
[Result "0-1"]
[WhiteElo "1685"]
[BlackElo "1511"]
[PlyCount "108"]
[EventDate "2017.07.22"]
[EventType "swiss"]
[EventRounds "9"]
[EventCountry "CZE"]
[SourceTitle "CBM 179 Extra"]
[Source "ChessBase"]
[SourceDate "2017.08.23"]
[SourceVersion "1"]
[SourceVersionDate "2017.08.23"]
[SourceQuality "1"]

1. Nf3 d5 2. c4 e6 3. g3 Nf6 4. Bg2 Bd6 5. 0-0 0-0 6. d3 Nbd7 7. Nc3 c6 8. e4 Qc7 9. Qe2 dxe4 10. Nxe4 Nxe4 11. dxe4 e5 12. Be3 Nf6 13. Nd2 Re8 14. Rfd1 h6 15. c5 Bf8 16. Nc4 Ng4 17. Nd6 Rd8 18. Nxc8 Nxe3 19. Rxd8 Qxd8 20. Qxe3 Rxc8 21. Bh3 Rc7 22. b4 Re7 23. Qb3 Qd4 24. Rd1 Qxe4 25. Rd8 g6 26. Qd1 Kg7 27. Bf1 Qxb4 28. Qd6 f6 29. Qb8 Rf7 30. Bh3 Qe1+ 31. Bf1 Qe4 32. Qxa7 Qf5 33. Ra8 Qe6 34. Re8 Qd5 35. h4 Qxc5 36. Qa4 Qb4 37. Qc2 Bc5 38. Ra8 Bd4 39. Qe2 Qb2 40. Qf3 e4 41. Qf4 c5 42. Bg2 f5 43. Qb8 Kf6 44. Qd8+ Ke6 45. Qe8+ Re7 46. Qxg6+ Bf6 47. Qxh6 c4 48. Qg6 c3 49. Rd8 Ke5 50. Qg8 Qb5 51. Bf1 Qc6 52. a4 c2 53. Bb5 c1Q+ 54. Kh2 Q6c5 0-1

[Event "Polanica Zdroj op-D 48th"]
[Site "Polanica Zdroj"]
[Date "2012.08.22"]
[Round "5"]
[White "Proczek, Mateusz"]
[Black "Maslanka, Piotr"]
[Result "0-1"]
[WhiteElo "1564"]
[BlackElo "1728"]
[PlyCount "58"]
[EventDate "2012.08.18"]
[EventType "swiss"]
[EventRounds "9"]
[EventCountry "POL"]
[SourceTitle "EXT 2014"]
[Source "ChessBase"]
[SourceDate "2013.11.20"]
[SourceVersion "1"]
[SourceVersionDate "2013.11.20"]
[SourceQuality "1"]

1. e4 d6 2. d4 Nf6 3. Nc3 g6 4. Nf3 Bg7 5. Be3 0-0 6. Qd2 Ng4 7. h3 Nxe3 8. Qxe3 Nd7 9. 0-0-0 c5 10. g4 cxd4 11. Nxd4 a6 12. Be2 b5 13. h4 Bb7 14. h5 Nc5 15. hxg6 hxg6 16. Qh3 Re8 17. Qh7+ Kf8 18. b4 Nxe4 19. Nxe4 Bxe4 20. f3 Bb7 21. Bd3 Bxd4 22. Bxg6 Bg7 23. Rh3 fxg6 24. Qxg6 e6 25. g5 Qc7 26. Rh7 Qf7 27. Qxf7+ Kxf7 28. Rxd6 Rad8 29. Rb6 Bxf3 0-1

[Event "Polanica Zdroj op-B 46th"]
[Site "Polanica Zdroj"]
[Date "2010.08.26"]
[Round "9"]
[White "Nowakowski, Andrzej"]
[Black "Maslanka, Piotr"]
[Result "0-1"]
[WhiteElo "1950"]
[BlackElo "1697"]
[PlyCount "62"]
[EventDate "2010.08.18"]
[EventType "swiss"]
[EventRounds "9"]
[EventCountry "POL"]
[SourceTitle "CBM 138 Extra"]
[Source "ChessBase"]
[SourceDate "2010.10.29"]
[SourceVersion "1"]
[SourceVersionDate "2010.10.29"]
[SourceQuality "1"]

1. e4 d6 2. d4 Nf6 3. Nc3 g6 4. Bg5 Bg7 5. e5 Nfd7 6. e6 fxe6 7. Qd2 h6 8. Bh4 0-0 9. 0-0-0 c5 10. Nb5 g5 11. Bg3 a6 12. Nxd6 exd6 13. Bxd6 Rf7 14. Nf3 Nc6 15. d5 exd5 16. Qxd5 Nf6 17. Qb3 Na5 18. Qe3 Ng4 19. Qe1 Bf5 20. h3 Qb6 21. c3 Nf6 22. Ne5 Re8 23. Be2 Rd7 24. Nxd7 Bxd7 25. Qf1 Ne4 26. Bh2 Nxc3 27. Bc4+ Kh8 28. bxc3 Bxc3 29. Bb3 Nxb3+ 30. Kc2 Bf5+ 31. Rd3 Nd4+ 0-1